[Event "Davos Summer op"]
[Site "Davos"]
[Date "2021.08.07"]
[Round "4"]
[White "Ferrari, Nicola1"]
[Black "Joller, Hans"]
[Result "1-0"]
[WhiteElo "1782"]
[BlackElo "1736"]
[PlyCount "87"]
[EventDate "2021.08.05"]
[EventType "swiss"]
[EventRounds "5"]
[EventCountry "SUI"]
[SourceTitle "EXT 2022"]
[Source "ChessBase"]
[SourceDate "2021.10.06"]
[SourceVersion "1"]
[SourceVersionDate "2021.10.06"]
[SourceQuality "1"]

1. e4 e6 2. Nc3 d5 3. d4 Nf6 4. Bg5 Bb4 5. e5 h6 6. Bd2 Nfd7 7. Ne4 Be7 8. Ng3 c5 9. c3 Nc6 10. Nf3 Qb6 11. Qb3 cxd4 12. Qxb6 Nxb6 13. cxd4 Bd7 14. Be2 g5 15. h3 Nc4 16. Bc3 b5 17. b3 b4 18. bxc4 bxc3 19. cxd5 exd5 20. Rc1 Rc8 21. Bb5 Nxe5 22. Bxd7+ Nxd7 23. Ke2 0-0 24. Nf5 Ba3 25. Rc2 Kh7 26. Kd3 Kg6 27. g4 Nf6 28. Ne5+ Kh7 29. f3 Bb2 30. h4 gxh4 31. Rxh4 Ng8 32. g5 Rc7 33. Nxh6 Nxh6 34. Rxh6+ Kg7 35. Rch2 Rg8 36. f4 c2 37. Rxc2 Rxc2 38. Kxc2 Bxd4 39. Kd3 Bb2 40. Ra6 Re8 41. Nd7 Bc1 42. Nf6 Re6 43. Kd4 Re1 44. Kxd5 1-0

[Event "Davos Summer op"]
[Site "Davos"]
[Date "2020.07.09"]
[Round "1"]
[White "Joller, Hans"]
[Black "Eilenberg, Jonas"]
[Result "0-1"]
[WhiteElo "1754"]
[BlackElo "2137"]
[PlyCount "52"]
[EventDate "2020.07.09"]
[EventType "swiss"]
[EventRounds "5"]
[EventCountry "SUI"]
[SourceTitle "CBM 197 Extra"]
[Source "ChessBase"]
[SourceDate "2020.09.30"]
[SourceVersion "1"]
[SourceVersionDate "2020.09.30"]
[SourceQuality "1"]

1. e4 e6 2. d4 d5 3. e5 c5 4. c3 Nc6 5. Nf3 Qb6 6. Bd3 cxd4 7. cxd4 Bd7 8. 0-0 Nxd4 9. Nxd4 Qxd4 10. Nc3 Qxe5 11. Re1 Qd6 12. Qf3 Be7 13. Nb5 Bxb5 14. Bxb5+ Kf8 15. Be3 Nf6 16. Rac1 Qb4 17. Qe2 Bd6 18. a3 Qh4 19. h3 a6 20. Bd3 g5 21. Qd2 Rg8 22. Bf1 Ne4 23. Qd4 g4 24. g3 gxh3 25. Rc2 Nxg3 26. Qxh4 Ne2+ 0-1

[Event "Zuerich op-B 41st"]
[Site "Zuerich"]
[Date "2017.12.27"]
[Round "3"]
[White "Barnard, Tertius"]
[Black "Joller, Hans"]
[Result "0-1"]
[WhiteElo "1777"]
[BlackElo "1900"]
[PlyCount "94"]
[EventDate "2017.12.26"]
[EventType "swiss"]
[EventRounds "7"]
[EventCountry "SUI"]
[SourceTitle "CBM 182 Extra"]
[Source "ChessBase"]
[SourceDate "2018.02.23"]
[SourceVersion "1"]
[SourceVersionDate "2018.02.23"]
[SourceQuality "1"]

1. Nc3 d5 2. e4 d4 3. Nce2 e5 4. Nf3 Bd6 5. Ng3 Be6 6. b3 Ne7 7. Ng5 Qd7 8. Nxe6 Qxe6 9. Bc4 Qg6 10. h4 f5 11. h5 Qf6 12. exf5 Nd7 13. Be6 Nc5 14. Qg4 Nxe6 15. fxe6 0-0-0 16. Ne4 Qf5 17. Qxf5 Nxf5 18. Ng5 Rde8 19. a4 h6 20. Nf7 Rhf8 21. g4 Ne7 22. g5 Nd5 23. gxh6 gxh6 24. Nxh6 Nb4 25. Nf7 Nxc2+ 26. Kd1 Nxa1 27. h6 Be7 28. h7 Bf6 29. Ba3 Rh8 30. Nxh8 Bxh8 31. e7 Nxb3 32. Rg1 c5 33. Kc2 c4 34. d3 Na5 35. Rg8 Kd7 36. dxc4 Nxc4 37. Bb4 a5 38. Kd3 axb4 39. Kxc4 e4 40. Kxb4 d3 41. Rg4 Rxe7 42. Rh4 Kd6 43. Kc4 Rc7+ 44. Kb3 d2 45. Rh6+ Kd5 46. Rh5+ Kd4 47. Rh1 Rc1 0-1

[Event "Zuerich op-B 39th"]
[Site "Zuerich"]
[Date "2015.12.29"]
[Round "6"]
[White "Janzek, Jurij"]
[Black "Joller, Hans"]
[Result "1-0"]
[WhiteElo "1993"]
[BlackElo "1881"]
[PlyCount "137"]
[EventDate "2015.12.26"]
[EventType "swiss"]
[EventRounds "7"]
[EventCountry "SUI"]
[SourceTitle "CBM 170 Extra"]
[Source "ChessBase"]
[SourceDate "2016.02.25"]
[SourceVersion "1"]
[SourceVersionDate "2016.02.25"]
[SourceQuality "1"]

1. d4 Nf6 2. Nf3 c5 3. e3 e6 4. Be2 d5 5. 0-0 Nc6 6. b3 cxd4 7. exd4 Bd6 8. Bb2 Bd7 9. Nbd2 0-0 10. c4 Rc8 11. Ne5 Ne7 12. Rc1 Nf5 13. Bd3 Bc6 14. Nxc6 bxc6 15. Nf3 Bb8 16. Ne5 Qb6 17. f4 Ne3 18. Qf3 Nxf1 19. Rxf1 a5 20. a3 Ba7 21. c5 Qc7 22. f5 Rb8 23. Qh3 Ne4 24. Bxe4 dxe4 25. fxe6 f6 26. e7 Qxe7 27. Nd7 e3 28. Nxf8 Kxf8 29. Re1 Rxb3 30. Bc1 Rb1 31. Qxh7 Rxc1 32. Rxc1 e2 33. Qh8+ Kf7 34. Qh5+ Kg8 35. Kf2 Qe4 36. Ke1 Qe3 37. Rc2 Qg1+ 38. Kxe2 Qxg2+ 39. Kd3 Qf1+ 40. Qe2 Qb1 41. Kd2 Qa1 42. Qc4+ Kh7 43. Qd3+ g6 44. Qh3+ Kg7 45. Qe3 Bb8 46. Qe7+ Kh6 47. Qxf6 Qg1 48. Qh8+ Kg5 49. Qxb8 Qxd4+ 50. Kc1 Qa1+ 51. Qb1 Qxa3+ 52. Qb2 Qe3+ 53. Kb1 Qd3 54. Qe5+ Kh6 55. Qe2 Qb3+ 56. Rb2 Qa3 57. Qd2+ Kh5 58. Qd4 Qf3 59. h4 Qf1+ 60. Ka2 Qf7+ 61. Ka3 Qf1 62. Qh8+ Kg4 63. Qd4+ Kh5 64. Qd2 Qa1+ 65. Ra2 Qf6 66. Qg5+ Qxg5 67. hxg5 Kxg5 68. Rg2+ Kf5 69. Ka4 1-0

[Event "Lenk op"]
[Site "Lenk"]
[Date "2005.04.24"]
[Round "1"]
[White "Joller, Hans"]
[Black "Varga, Zoltan"]
[Result "0-1"]
[WhiteElo "2037"]
[BlackElo "2515"]
[PlyCount "46"]
[EventDate "2005.04.24"]
[EventType "swiss"]
[EventRounds "7"]
[EventCountry "SUI"]
[SourceTitle "CBM 105 Extra"]
[Source "ChessBase"]
[SourceDate "2005.05.01"]
[SourceVersion "1"]
[SourceVersionDate "2005.05.01"]
[SourceQuality "1"]

1. e4 Nf6 2. e5 Nd5 3. Bc4 Nb6 4. Bb3 c5 5. Qe2 Nc6 6. c3 d5 7. exd6 Qxd6 8. Nf3 Bf5 9. 0-0 Bd3 10. Bxf7+ Kxf7 11. Ng5+ Ke8 12. Qh5+ g6 13. Qf3 Bxf1 14. Qf7+ Kd7 15. Ne4 Qe5 16. Qf3 Bc4 17. d4 cxd4 18. Bf4 Qf5 19. g4 Ne5 20. Nc5+ Ke8 21. Qg3 Qxg4 22. Bxe5 Qd1+ 23. Kg2 Bf1+ 0-1